Les vikings: histoire et civilisation
Saved in:
| Main Author: | |
|---|---|
| Format: | Book |
| Language: | French |
| Published: |
París
Payot
1962
|
| Series: | Bibliothèque Historique
|
| Subjects: | |
| Tags: |
Add Tag
No Tags, Be the first to tag this record!
|
MARC
| LEADER | 00000nam a2200000 a 4500 | ||
|---|---|---|---|
| 001 | UCP9011 | ||
| 003 | CL-VaPUC | ||
| 008 | 000317e19620000FR |||||||||||||||||fre|d | ||
| 082 | 0 | 4 | |a 948.022 |b OXE |2 21 |
| 100 | |a Oxenstierna, Eric |e auteur |9 439300 | ||
| 245 | 1 | 4 | |a Les vikings: histoire et civilisation |
| 300 | |a 277 p | ||
| 942 | |c BK | ||
| 945 | |d 20000317 00:00:00 |a rherrera | ||
| 260 | |a París |b Payot |c 1962 | ||
| 650 | 0 | |a Historia de Europa |9 392003 | |
| 650 | 0 | |a Vikingos |9 338002 | |
| 650 | 7 | |a INVASIONES |2 CL-VaPUC |9 392362 | |
| 650 | 7 | |a ESCANDINAVOS |2 CL-VaPUC |9 439269 | |
| 650 | 0 | |a Cultura y sociedad |9 367502 | |
| 651 | 7 | |a EUROPA DEL NORTE |2 CL-VaPUC |9 439301 | |
| 583 | |a last modification |c 20000317 00:00:00 |k Rodrigo Vera | ||
| 490 | 0 | |a Bibliothèque Historique | |
| 999 | |c 285864 |d 285862 | ||
| 952 | |0 0 |1 0 |4 0 |6 948_022000000000000_OXE_1962 |7 0 |8 A |9 330715 |a BIBHIS |b BIBHIS |d 2019-11-20 |i 1394797 |o 948.022 OXE 1962 |p 1394797 |r 2025-01-20 |w 2019-11-20 |y BK |k HIS | ||